| 000 | 00694nam a2200241Ia 4500 | ||
|---|---|---|---|
| 005 | 20251020182539.0 | ||
| 008 | 200515s9999 xx 000 0 und d | ||
| 020 | _a84-481-0061-1 | ||
| 082 | _a728.12.009/E75 | ||
| 100 | _aErickson, Jon | ||
| 245 | 0 | _aUn mundo en desequilibrio : la contaminación de nuestro planeta | |
| 260 | _aSantafé de Bogotá | ||
| 260 | _bMcGraw Hill | ||
| 260 | _c1994 | ||
| 300 | _a209 p. | ||
| 500 | _a1 ejemplar | ||
| 520 | _aPlantea el grave riesgo que está suponiendo la contaminación a escala global de nuestro planeta | ||
| 650 | _aCONTAMINACION AMBIENTAL | ||
| 650 | _aECOLOGIA | ||
| 650 | _aMEDIO AMBIENTE | ||
| 942 | _cLIB | ||
| 999 |
_c2341 _d2341 |
||